Az erdők és a talajvíz kapcsolata a Duna-Tisza közi homokhátságon
Elmentve itt :
| Szerző: | |
|---|---|
| Testületi szerző: | |
| Dokumentumtípus: | Könyv része |
| Megjelent: |
1994
|
| Sorozat: | A Nagyalföld Alapítvány Kötetei
3 A Duna-Tisza közi hátság vízgazdálkodási problémái 3 |
| Kulcsszavak: | Vízgazdálkodás - Duna-Tisza köze, Duna-Tisza köze - földrajz, Erdők - Duna-Tisza köze, Talajvíz |
| Tárgyszavak: | |
| Online Access: | http://acta.bibl.u-szeged.hu/63935 |
| LEADER | 01033naa a2200241 i 4500 | ||
|---|---|---|---|
| 001 | acta63935 | ||
| 005 | 20260224081030.0 | ||
| 008 | 191216s1994 hu o 000 hun d | ||
| 020 | |a 963 04 3992 1 | ||
| 022 | |a 1216-4933 | ||
| 040 | |a SZTE Egyetemi Kiadványok Repozitórium |b hun | ||
| 041 | |a hun | ||
| 100 | 1 | |a Szodfridt István | |
| 245 | 1 | 3 | |a Az erdők és a talajvíz kapcsolata a Duna-Tisza közi homokhátságon |h [elektronikus dokumentum] / |c Szodfridt István |
| 260 | |c 1994 | ||
| 300 | |a 59-66 | ||
| 490 | 0 | |a A Nagyalföld Alapítvány Kötetei |v 3 | |
| 490 | 0 | |a A Duna-Tisza közi hátság vízgazdálkodási problémái |v 3 | |
| 650 | 4 | |a Természettudományok | |
| 650 | 4 | |a Föld- és kapcsolódó környezettudományok | |
| 695 | |a Vízgazdálkodás - Duna-Tisza köze, Duna-Tisza köze - földrajz, Erdők - Duna-Tisza köze, Talajvíz | ||
| 710 | |a A Duna-Tisza közi hátság vízgazdálkodási problémái (1993) (Kiskőrös) | ||
| 856 | 4 | 0 | |u http://acta.bibl.u-szeged.hu/63935/1/nagyalfoldi_003_059-066.pdf |z Dokumentum-elérés |